000 00396nam a2200169Ia 4500
001 22814
005 20260414150855.0
008 260414t2012||||xx |||||||||||||| ||spa||
041 _aESP
082 _a624.15
_bD27
100 _aDas, Braja M.
_eAUT
245 0 _aFundamentos de ingenierĂ­a de cimentaciones
_b
260 _c2012
650 _a0
654 _aCIC
942 _cLIB
_dJUS
_fJUS
_2ddc
_n
999 _c22814
_d22814